000 00465nam a2200157Ia 4500
008 241217s9999||||xx |||||||||||||| ||und||
020 _a9789832639800
_c0
040 _beng
_cSSK Library
_erda
082 _a510.2462/ENG
100 _a Tan Wooi Nee & Et Ll
245 0 _aLecture Notes Series: Engineering Mathematics Volume 2
260 _b Pearson Prentice Hall
_c©2004
942 _2Dewey Decimal Classification
_cBOOK
_nNo
999 _c19541
_d19541
003 OSt
005 20241217112727.0